Rahsia 7 : 7 kelebihan dalam setiap hari yang 7

Bibliographic Details
Main Author: Al-Hamdany, Muhammad ibn 'Abd al-Rahman (Author)
Format: Book
Language:Malay
Published: Kuala Lumpur : Darul Nu'man 1995
Subjects:

MARC

LEADER 00000cam a2200000 7i4500
001 0000008525
005 20241003.0
008 010508 my may
020 |a 9830460770 (pbk) 
040 |a INS   |b eng   |e rda 
090 0 0 |a CE59   |b .H36 1995 
100 0 |a Al-Hamdany, Muhammad ibn 'Abd al-Rahman ,   |e author 
245 1 0 |a Rahsia 7 :   |b 7 kelebihan dalam setiap hari yang 7   |c Syeikh Abu Nashr Muhammad Abdurrahman Al-Hamdany 
264 1 |a Kuala Lumpur :   |b Darul Nu'man   |c 1995 
300 |a viii, 194 pages ;   |c 21 cm. 
336 |a text  |2 rdacontent 
337 |a unmediated  |2 rdamedia 
338 |a volume  |2 rdacarrier 
650 0 |a Calender, Islamic 
650 0 |a Islam   |x History 
999 |a 0000008144   |b BOOK   |c Open Shelf   |e Default branch